| 000 | 00480nam a2200145Ia 4500 | ||
|---|---|---|---|
| 008 | 240729s9999 xx 000 0 und d | ||
| 245 | 0 | _aChinese Journal of Electrical Engineering | |
| 260 | _aChina | ||
| 260 | _bEditorial office of Chinese Journal of Electrical Engineering | ||
| 650 | _a Electrical engineering. Electronics. Nuclear engineering | ||
| 650 | _aTechnology | ||
| 856 | _uhttps://doaj.org/toc/2a6f2a3d23eb4414b731f8560b7fbb46 | ||
| 942 | _2ddc | ||
| 942 | _cDOAJEJ | ||
| 999 |
_c70919 _d70919 |
||
| 945 |
_a1 _bMadushi Gamage _c1 _dMadushi Gamage |
||